| 000 | 01000nam a2200325Ia 4500 | ||
|---|---|---|---|
| 003 | OSt | ||
| 005 | 20220912144926.0 | ||
| 006 | a|||||r|||| 00| 0 | ||
| 007 | ta | ||
| 008 | 220909b |||||||| |||| 00| 0 eng d | ||
| 020 | _a9781405131148 (pbk) | ||
| 024 | _a83658 | ||
| 037 | _b012, 13/07/2009, N R Book Distributors | ||
| 037 | _cTextbook | ||
| 040 |
_aCSL _beng _cCSL |
||
| 041 | _aeng | ||
| 082 | _aK86:5, N9;P8;2 TK | ||
| 100 | _aSpeight Martin R | ||
| 245 | 0 | _aEcology of insects:concepts and applications | |
| 260 |
_aNew Jersey _bWiley-Blackwell _c2008 |
||
| 300 |
_aix, 628p. _ccm. |
||
| 500 | _aReferences 514-596p.; Index 597-628p. | ||
| 650 | _a Insects conservation | ||
| 650 | _a Insects disease | ||
| 650 | _aEcology | ||
| 700 | _a Hunter Mark D | ||
| 700 | _a Watt Allan D | ||
| 942 |
_hK86:5, N9;P8;2 TK _cTB _2CC |
||
| 999 |
_c19179 _d19179 |
||